[Event "Skakligaen 2024-25"]
[Site "Denmark"]
[Date "2025.03.30"]
[Round "9.7"]
[White "Laursen, Niels Norskov"]
[Black "Jakobsen, Peter"]
[Result "1/2-1/2"]
[WhiteElo "2179"]
[BlackElo "2188"]
[EventDate "2024.11.02"]
[EventType "team-tourn"]
[EventRounds "9"]
[EventCountry "DEN"]
[SourceTitle "Live v. Kasper Jerwiarz"]
[WhiteTeam "Obro"]
[BlackTeam "Nordkalotten"]
[WhiteTeamCountry "DEN"]
[BlackTeamCountry "DEN"]

1. e4 c5 2. Nf3 d6 3. d4 cxd4 4. Nxd4 Nf6 5. Nc3 e6 6. Be2 Be7 7. O-O O-O 8. Be3 Nc6 9. f4 a6 10. a4 Qc7 11. Qe1 Nxd4 12. Bxd4 e5 13. Be3 exf4 14. Rxf4 Be6 15. Qg3 Nd7 16. Bd4 Ne5 17. Bd3 Qa5 18. Rff1 Rac8 19. Ne2 Ng6 20. Kh1 Rfe8 21. Bc3 Qg5 22. Qf2 Rf8 23. Bd4 Ne5 24. Ng3 Ng4 25. Qg1 Bf6 26. Bxf6 Nxf6 27. Nf5 Bxf5 28. Rxf5 Qh4 29. Raf1 Rce8 30. R1f4 Qh6 31. g4 Nd7 32. Bc4 Ne5 33. Bd5 Re7 34. g5 Qh3 35. Qf2 Ng4 36. Qg1 g6 37. Rxf7 Rfxf7 38. Rxg4 Qf3+ 39. Qg2 Qd1+ 40. Qg1 Qf3+ 41. Qg2 Qd1+ 42. Qg1 1/2-1/2

[Event "Skakligaen 2024-25"]
[Site "Denmark"]
[Date "2025.03.30"]
[Round "9.8"]
[White "Nielsen, Lars Aaes"]
[Black "Kakulidis, Ellen"]
[Result "1/2-1/2"]
[WhiteElo "2189"]
[BlackElo "2059"]
[EventDate "2024.11.02"]
[EventType "team-tourn"]
[EventRounds "9"]
[EventCountry "DEN"]
[SourceTitle "Live v. Kasper Jerwiarz"]
[WhiteTeam "Nordkalotten"]
[BlackTeam "Obro"]
[WhiteTeamCountry "DEN"]
[BlackTeamCountry "DEN"]

1. c4 c6 2. e4 d5 3. exd5 cxd5 4. d4 Nf6 5. Nc3 Nc6 6. Nf3 a6 7. c5 Bg4 8. Be2 e6 9. h3 Bh5 10. a3 Be7 11. Be3 O-O 12. b4 Re8 13. Qb3 Ne4 14. Rd1 Nxc3 15. Qxc3 Bf6 16. g4 Bg6 17. g5 Be7 18. Rg1 Bh5 19. Ne5 Bxe2 20. Kxe2 Nxe5 21. dxe5 Qc7 22. Bd4 Rec8 23. Rc1 Qc6 24. h4 a5 25. Rb1 axb4 26. axb4 Ra2+ 27. Ke3 Qb5 28. Qd3 Qa4 29. Rb3 g6 30. Rgb1 h6 31. gxh6 Bxh4 32. Kf3 Kh7 33. Kg4 Be7 34. Qf3 Rf8 35. Qf4 Re2 36. Re3 Rxe3 37. Qxe3 Qc2 38. Rc1 Qf5+ 39. Kg3 Bg5 40. f4 Bxh6 41. Rh1 Kg7 42. Qf3 Ra8 43. Ra1 Rxa1 44. Bxa1 Qb1 45. Bc3 Qg1+ 46. Kh3 Qc1 47. Kg3 Bxf4+ 48. Qxf4 Qxc3+ 49. Kg4 Kf8 50. Kg5 Qh3 51. Qg4 Qf1 52. Qf4 Qb1 53. Qh4 Qc1+ 54. Qf4 Qh1 55. Qh4 Qg2+ 56. Kh6 Qd2+ 57. Kh7 Ke8 58. Kg7 Qd3 59. Qh8+ Kd7 60. Qb8 Qb5 61. Qd6+ Kc8 62. Qf8+ Kc7 63. Qd6+ Kc8 64. Qf8+ Kc7 65. Qd6+ 1/2-1/2

[Event "Skakligaen 2024-25"]
[Site "Denmark"]
[Date "2025.03.30"]
[Round "9.2"]
[White "Pantzar, Milton"]
[Black "Skytte, Rasmus"]
[Result "1-0"]
[WhiteElo "2463"]
[BlackElo "2343"]
[EventDate "2024.11.02"]
[EventType "team-tourn"]
[EventRounds "9"]
[EventCountry "DEN"]
[SourceTitle "Live v. Kasper Jerwiarz"]
[WhiteTeam "Koge"]
[BlackTeam "AarhusSkolerne"]
[WhiteTeamCountry "DEN"]
[BlackTeamCountry "DEN"]

1. Nf3 g6 2. d4 Bg7 3. e3 Nf6 4. b3 c5 5. Bb2 cxd4 6. exd4 O-O 7. Bd3 Nc6 8. O-O d5 9. a3 Bf5 10. Bxf5 gxf5 11. Nc3 Ne4 12. Ne2 e6 13. Ne1 Qb6 14. Rb1 Rac8 15. Kh1 Rfe8 16. f3 Nd6 17. c3 Ne7 18. Nd3 Ng6 19. a4 Red8 20. Bc1 Qc7 21. Be3 Ne8 22. Qd2 Bf8 23. Rfc1 Bd6 24. c4 dxc4 25. bxc4 e5 26. d5 b6 27. a5 Rb8 28. axb6 axb6 29. Bg1 Bf8 30. Nb4 Ra8 31. Qg5 Bc5 32. Nc6 Rd6 33. Bxc5 bxc5 34. Qxf5 Rf6 35. Qg5 h6 36. Qxh6 Nf4 37. Qg5+ Ng6 38. Ng3 Rf4 39. Nh5 Rh4 40. g3 Rh3 41. Qg4 1-0

[Event "Skakligaen 2024-25"]
[Site "Denmark"]
[Date "2025.03.30"]
[Round "9.3"]
[White "Sorensen, Jan"]
[Black "Smith, Axel"]
[Result "1/2-1/2"]
[WhiteElo "2366"]
[BlackElo "2428"]
[EventDate "2024.11.02"]
[EventType "team-tourn"]
[EventRounds "9"]
[EventCountry "DEN"]
[SourceTitle "Live v. Kasper Jerwiarz"]
[WhiteTeam "AarhusSkolerne"]
[BlackTeam "Koge"]
[WhiteTeamCountry "DEN"]
[BlackTeamCountry "DEN"]

1. e4 e5 2. Nf3 Nc6 3. Bb5 g6 4. c3 a6 5. Ba4 d6 6. d4 Bd7 7. O-O Bg7 8. Be3 b5 9. Bc2 Nf6 10. dxe5 Nxe5 11. Nxe5 dxe5 12. Nd2 Be6 13. a4 O-O 14. Qe2 Nd7 15. b4 c6 16. Rfd1 Qc7 1/2-1/2

[Event "Skakligaen 2024-25"]
[Site "Denmark"]
[Date "2025.03.30"]
[Round "9.4"]
[White "Jakab, Bela"]
[Black "Vinther Schou, Uffe"]
[Result "1-0"]
[WhiteElo "2337"]
[BlackElo "2289"]
[EventDate "2024.11.02"]
[EventType "team-tourn"]
[EventRounds "9"]
[EventCountry "DEN"]
[SourceTitle "Live v. Kasper Jerwiarz"]
[WhiteTeam "Koge"]
[BlackTeam "AarhusSkolerne"]
[WhiteTeamCountry "DEN"]
[BlackTeamCountry "DEN"]

1. e4 c5 2. c3 Nf6 3. e5 Nd5 4. d4 cxd4 5. cxd4 d6 6. Nf3 Nc6 7. Bc4 Nb6 8. Bb5 Bd7 9. exd6 e6 10. Bg5 f6 11. Be3 Bxd6 12. Nc3 Ne7 13. Bd3 Nbd5 14. O-O Rc8 15. Ne4 Qb6 16. Nfd2 Bb8 17. Qh5+ g6 18. Qh4 O-O 19. Nc5 Rcd8 20. Rac1 Bc8 21. Bh6 Rf7 22. Rfe1 g5 23. Qg4 Nf4 24. Bc4 Rxd4 25. Ndb3 Rd6 26. h4 Ned5 27. hxg5 f5 28. Qf3 Qd8 29. g3 b5 30. Bxb5 Nh3+ 31. Kg2 Nxg5 32. Qh5 Ne4 33. Nxe4 fxe4 34. Rxe4 Nf6 35. Qg5+ Kh8 36. Rec4 Bb7+ 37. Bc6 Rxc6 38. Rxc6 Qb6 39. Qc5 Qxc5 40. R1xc5 Ng4 41. Kg1 Bxc6 42. Rxc6 Bc7 43. Rxe6 Nxh6 44. Rxh6 Bb6 45. Rh2 Rd7 46. Kg2 a5 47. Rh6 Rb7 48. Rh4 Rc7 49. Rh6 Rb7 50. Nd2 Bd4 51. b3 Rc7 52. Rh4 Bf6 53. Rc4 Rd7 54. Ne4 Bd8 55. Nc5 Re7 56. Re4 Kg7 57. Rxe7+ Bxe7 58. Nb7 Bb4 59. a3 Bc3 60. Nd6 Kg6 61. f4 Bb2 62. Nc4 Bc3 63. g4 Kf6 64. Kf3 Ke6 65. Ke4 h6 66. Ne3 Bb2 67. Nf5 h5 68. gxh5 Bxa3 69. Nd4+ Kf6 70. Nc6 1-0

[Event "Skakligaen 2024-25"]
[Site "Denmark"]
[Date "2025.03.30"]
[Round "9.5"]
[White "Sobjerg, Erik"]
[Black "Meskenas, Paulius"]
[Result "1/2-1/2"]
[WhiteElo "2278"]
[BlackElo "2148"]
[EventDate "2024.11.02"]
[EventType "team-tourn"]
[EventRounds "9"]
[EventCountry "DEN"]
[SourceTitle "Live v. Kasper Jerwiarz"]
[WhiteTeam "AarhusSkolerne"]
[BlackTeam "Koge"]
[WhiteTeamCountry "DEN"]
[BlackTeamCountry "DEN"]

1. e4 e5 2. Nc3 Bc5 3. Nf3 d6 4. d4 exd4 5. Nxd4 a6 6. Be2 Nf6 7. Bg5 h6 8. Bh4 Nbd7 9. f4 Rg8 10. Nf5 g5 11. fxg5 hxg5 12. Bg3 Nf8 13. Rf1 Be6 14. e5 dxe5 15. Qxd8+ Kxd8 16. O-O-O+ N8d7 17. Bxe5 Ne8 18. Ne4 Be7 19. Bh5 Rf8 20. Rd2 Rc8 21. Bc3 Bxf5 22. Rxf5 f6 23. Rfd5 Nd6 24. Bb4 Ne5 25. Nc5 Rh8 26. Nxb7+ Kd7 27. g4 Nec4 28. R2d3 Rb8 29. Nc5+ Kc6 30. Nxa6 Rb5 31. Rc5+ Kb6 32. Rxb5+ Kxb5 33. Nxc7+ Kxb4 34. Nd5+ Kc5 35. Nxe7 Rh7 36. Rd5+ Kb6 37. Ng8 Kc6 38. Nxf6 Rh6 39. b3 Rxf6 40. bxc4 Nxc4 41. Rf5 Re6 42. Rf1 Re2 43. Bf7 Ne3 44. Rf6+ Kd7 45. Bb3 Nxg4 46. Rf5 Rxh2 47. Rxg5 Nf6 48. a4 Ne4 49. Re5 Nd6 50. Kb2 Rh6 51. Ka3 Rh4 52. Rc5 Nb7 53. Rg5 Kc7 54. c4 Rh8 55. Kb4 Nd6 56. Bc2 Rh2 57. Bd3 Rb2+ 58. Kc3 Ra2 59. Bc2 Ra3+ 60. Kb4 Re3 61. a5 Re2 62. Rg7+ Kb8 63. Bb3 Re6 64. Rh7 Rf6 65. a6 Nc8 66. Rb7+ Ka8 67. Ka5 Na7 68. Ba4 Nc6+ 69. Kb6 Na5+ 70. Kc7 Rf7+ 71. Bd7 Nxc4 72. Kd8 Ne5 73. Rc7 Rxd7+ 74. Rxd7 Nxd7 75. Kxd7 Ka7 76. Kd6 Kxa6 1/2-1/2

[Event "Skakligaen 2024-25"]
[Site "Denmark"]
[Date "2025.03.30"]
[Round "9.6"]
[White "Jorgensen, Brian"]
[Black "Rendboe, John Filip"]
[Result "1/2-1/2"]
[WhiteElo "2246"]
[BlackElo "2139"]
[EventDate "2024.11.02"]
[EventType "team-tourn"]
[EventRounds "9"]
[EventCountry "DEN"]
[SourceTitle "Live v. Kasper Jerwiarz"]
[WhiteTeam "Koge"]
[BlackTeam "AarhusSkolerne"]
[WhiteTeamCountry "DEN"]
[BlackTeamCountry "DEN"]

1. d4 d5 2. c4 e6 3. Nc3 Nf6 4. Nf3 Be7 5. e3 O-O 6. Bd3 b6 7. O-O Bb7 8. b3 c5 9. Bb2 Nc6 10. cxd5 exd5 11. Rc1 cxd4 12. exd4 Re8 13. Re1 Bd6 14. Qd2 Qd7 15. Rxe8+ 1/2-1/2

[Event "Skakligaen 2024-25"]
[Site "Denmark"]
[Date "2025.03.30"]
[Round "9.7"]
[White "Grand, Hans Henrik"]
[Black "Pedersen, Henrik Dahl"]
[Result "0-1"]
[WhiteElo "2113"]
[BlackElo "2279"]
[EventDate "2024.11.02"]
[EventType "team-tourn"]
[EventRounds "9"]
[EventCountry "DEN"]
[SourceTitle "Live v. Kasper Jerwiarz"]
[WhiteTeam "AarhusSkolerne"]
[BlackTeam "Koge"]
[WhiteTeamCountry "DEN"]
[BlackTeamCountry "DEN"]

1. c4 e6 2. g3 d5 3. Nf3 Nf6 4. Bg2 Be7 5. b3 O-O 6. Bb2 c5 7. cxd5 Nxd5 8. O-O b6 9. d4 Bb7 10. dxc5 Bxc5 11. Nc3 Qe7 12. Ne5 Rd8 13. Nxd5 Bxd5 14. Qc2 Bxg2 15. Kxg2 f6 16. Qe4 Rd5 17. Nd3 f5 18. Qf3 Nc6 19. e4 fxe4 20. Qxe4 Rad8 21. Nxc5 bxc5 22. Bc3 Qf7 23. f4 R8d6 24. Rae1 Nd4 25. Re3 Nf5 26. Re2 Qg6 27. Be5 Rd7 28. Kh1 Rd2 29. Rfe1 h5 30. Bc3 R2d3 31. Bb2 R3d6 32. Qc4 Kh7 33. Bc3 Qg4 34. Rxe6 h4 35. Re8 Rd5 36. Qe4 hxg3 37. Qe2 Qh4 38. Qg2 Rd3 0-1

[Event "Skakligaen 2024-25"]
[Site "Denmark"]
[Date "2025.03.30"]
[Round "9.8"]
[White "Bazilius, Augustinas"]
[Black "Skytte, Robert"]
[Result "1-0"]
[WhiteElo "2199"]
[BlackElo "1971"]
[EventDate "2024.11.02"]
[EventType "team-tourn"]
[EventRounds "9"]
[EventCountry "DEN"]
[SourceTitle "Live v. Kasper Jerwiarz"]
[WhiteTeam "Koge"]
[BlackTeam "AarhusSkolerne"]
[WhiteTeamCountry "DEN"]
[BlackTeamCountry "DEN"]

1. d4 d5 2. c4 e6 3. Nf3 Nf6 4. g3 Be7 5. Bg2 O-O 6. O-O dxc4 7. Qa4 Qd5 8. Nc3 Qc6 9. Qc2 Qa6 10. e4 Nc6 11. Bf4 b5 12. a4 b4 13. Nb5 Ne8 14. d5 Na5 15. Nd2 Bb7 16. Bxc7 exd5 17. exd5 Nxc7 18. Nxc7 Qd6 19. Nxa8 Rxa8 20. Nxc4 Nxc4 21. Qxc4 Ba6 22. Qc6 Qxc6 23. dxc6 Bxf1 24. Kxf1 g6 25. c7 Rc8 26. Rc1 Bd6 27. Rc6 Be5 28. f4 Bd4 29. a5 Bxb2 30. Rc4 Ba3 31. Bb7 1-0